Suspense Gene_Malayalam (Record no. 38087)
[ view plain ]
| 000 -LEADER | |
|---|---|
| fixed length control field | 02610nam a22001937a 4500 |
| 020 ## - INTERNATIONAL STANDARD BOOK NUMBER | |
| ISBN | 9789357329286 |
| 082 ## - DEWEY DECIMAL CLASSIFICATION NUMBER | |
| Classification number | 920 RAJ |
| 100 ## - MAIN ENTRY--AUTHOR NAME | |
| Personal name | Rajad R |
| 245 ## - TITLE STATEMENT | |
| Title | Suspense Gene_Malayalam |
| 250 ## - EDITION STATEMENT | |
| Edition statement | 1 |
| 260 ## - PUBLICATION, DISTRIBUTION, ETC. (IMPRINT) | |
| Name of publisher | DC Books |
| Place of publication | Kottayam |
| Year of publication | 2025 |
| 300 ## - PHYSICAL DESCRIPTION | |
| Number of Pages | Number of pages : 256 |
| 500 ## - GENERAL NOTE | |
| General note | Category : Novel |
| 520 ## - SUMMARY, ETC. | |
| Summary, etc | เดชเดตเดฟเดคเตเดฐเดฎเด เต เดฎเตเดกเดฟเดเตเดเตฝ เดเตเดณเตเดเดฟเดฒเต เดธเตเดจเดฟเดฏเตผ เดธเตผเดเดจเดพเดฏ เดกเตเดเตเดเตผ เด เดฒเดเตโเดธเต เดฎเดฐเดฃเดคเตเดคเตเดเตเดเตเดฑเดฟเดเตเดเต เดชเดฑเดเตเด เดตเดพเดเตเดเตเดเตพ เด เดฆเตเดฆเตเดนเดคเตเดคเดฟเดจเตเดฑเต เดเตเดจเดฟเดฏเดฑเดพเดฏ เดนเดฐเตเดทเต เด เดคเตเดฐ เดเดพเดฐเตเดฏเดฎเดพเดฏเตเดเตเดคเตเดคเดฟเดฒเตเดฒ. เดเดจเตเดจเดพเตฝ เดเดฐเดฟเดเตเดเตฝ เดเดถเตเดชเดคเตเดฐเดฟเดฏเดฟเดฒเต เดเดฐเตเดเตเดเตเดฎเตเดฑเดฟเดฏเดฟเตฝ เด เดชเตเดฐเดคเตเดเตเดทเดฟเดคเดฎเดพเดฏเดฟ เดเดฃเตเด เดตเดฟเดเดฟเดคเตเดฐเดฎเดพเดฏ เดฐเตเดคเดฟเดฏเดฟเตฝ เดคเดฟเดณเดเตเดเตเดจเตเดจ เดฎเดจเตเดทเตเดฏ เดถเดตเดถเดฐเตเดฐเด เด เดฏเดพเดณเต เดญเดฏเดชเตเดชเตเดเตเดคเตเดคเดฟ. เดคเดพเตป เดเดฃเตเดเดคเต เดธเดคเตเดฏเดฎเต เดฎเดฟเดฅเตเดฏเดฏเต เดเดจเตเดจ เดเดฟเดจเตเดคเดฏเตเดเตเดเดฟเดเดฏเดฟเตฝ เดเตเดฑเตเดฑเตเด เดจเดเดเตเดเตเดจเตเดจ เดฎเดฐเดฃเดเตเดเตพ เด เดฏเดพเดณเต เดเดถเดฏเดเตเดเตเดดเดชเตเดชเดคเตเดคเดฟเดฒเดพเดเตเดเดฟ. เด เตผเดฌเตเดฆเดคเตเดคเดฟเดจเตเดคเดฟเดฐเต เดจเดพเดจเตเดฎเดฐเตเดจเตเดจเต เดเดฃเตเดเตเดคเตเดคเดพเดจเตเดณเตเดณ เดคเดจเตเดฑเต เดฒเดเตเดทเตเดฏเดคเตเดคเดฟเตฝเดฎเดพเดคเตเดฐเด เดถเตเดฐเดฆเตเดง เดเตเดจเตเดฆเตเดฐเตเดเดฐเดฟเดเตเดเต เด เดฏเดพเตพ เดเตเดฒเดฟ เดคเตเดเดฐเดพเตป เดถเตเดฐเดฎเดฟเดเตเดเต. เดเดเตเดเดฟเดฒเตเด เดเดฐเต เดชเตเดฐเดคเตเดฏเตเด เดธเดพเดนเดเดฐเตเดฏเดคเตเดคเดฟเตฝ เดฒเดเตเดทเตเดฏเดชเตเดฐเดพเดชเตเดคเดฟเดเตเดเดพเดฏเดฟ เด เดฏเดพเตพเดเตเดเต เดเดฟเดฒ เดฐเดนเดธเตเดฏเดเตเดเตพ เด เดฑเดฟเดฏเดพเดคเต เดชเดฑเตเดฑเดฟเดฒเตเดฒ เดเดจเตเดจ เดธเตเดฅเดฟเดคเดฟ เดตเดจเตเดจเต- เดกเตเดเตเดเตผ เด เดฒเดเตโเดธเต เดเตเดเตเดคเตเดคเดพเดจเต เดฆเตเดตเดฎเต? เดเดคเตเดคเดฐเด เดเดจเตเดคเตเดคเดจเตเดจเตเดฏเดพเดฏเดพเดฒเตเด เด เดฎเดฐเดฃเดเตเดเตพ เด เดฏเดพเดณเตเดเต เดเตเดตเดฟเดคเดคเตเดคเต เดฎเดพเดฑเตเดฑเดฟเดฎเดฑเดฟเดเตเดเตเดเดคเดจเตเดจเต เดเตเดฏเตเดคเต! เดเตเดตเดฟเดกเต เดเดพเดฒเดเดเตเดเดคเตเดคเดฟเดฒเตเดเต เดเดเดจเตเดจเตเดชเตเดเตเดจเตเดจ เดฎเตเดกเดฟเดเตเดเตฝ เดธเดธเตโเดชเตเตปเดธเต เดจเตเดตเตฝ. |
| 546 ## - LANGUAGE NOTE | |
| Language note | Language : Malayalam |
| 650 ## - SUBJECT ADDED ENTRY--TOPICAL TERM | |
| Topical Term | GEN |
| 942 ## - ADDED ENTRY ELEMENTS (KOHA) | |
| Koha item type | Text Book |
| 952 ## - LOCATION AND ITEM INFORMATION (KOHA) | |
| Damaged status | |
| Not for loan | |
| Withdrawn status | Collection code | Permanent Location | Current Location | Date acquired | Source of acquisition | Cost, normal purchase price | Inventory number | Full call number | Accession Number | Price effective from | Koha item type |
|---|---|---|---|---|---|---|---|---|---|---|---|
| GENERAL | VAST Central Library | VAST Central Library | 25/11/2025 | Dc Bookshop,Thrissur | 310.00 | 000729 | 920 RAJ | 38224 | 17/12/2025 | Text Book |